| 000 | 01455ncm a2200205 i 4500 | ||
|---|---|---|---|
| 001 | 79989 | ||
| 003 | ES-MaACL | ||
| 005 | 20230906174112.0 | ||
| 007 | qu | ||
| 008 | 041025s1942 sp ||| |||||||| | spa d | ||
| 245 | 0 | 0 |
_aHimnos y canciones [ _hMúsica impresa]. |
| 260 |
_aMadrid : _bEdiciones de la Vicesecretaría de Educación Popular, _c1942 ( _eBarcelona : _fA. Boileau y Bernasconi) |
||
| 300 |
_a1 partitura abreviada (69 p.) ; _c17 cm. |
||
| 505 | 8 | _aContiene: Himnos nacionales: Himno Nacional. Himno de Falange. Oriamendi -- Himnos y marchas: Al ataque. La asamblea. La llamada. Marcha de los fusileros. La Generala -- Himnos falangistas de fundación: En pie camaradas. En pie camaradas (Himno de las Jons de Valladolid). Amanece -- Himnos militares: La canción del legionario. Himno de la Academia de Infantería. Canto de la División Azul. Himno de los artilleros. Himno del arma del aire -- Himno de los Flechas: Himno oficial de los Flechas. Himno de los Flechas. Los Flechas. Somos Flechas. Somos héroes. Guardia Nueva. Himno del campamento. Allí. Isabel y Fernando. Rataplán-rataplán. Diana Azul -- Himnos varios: Caídos por España, presente!. Himno de los españoles patriotas de Granada. Soy nacional sindicalista. Camisa Azul | |
| 650 | 4 |
_aHimnos militares. _9155356 |
|
| 710 | 2 |
_aEspaña. _bVicesecretaría de Educación Popular. _9155357 |
|
| 852 |
_aES-MaACL _j1837-F-22 |
||
| 942 | _2udc | ||
| 999 |
_c79989 _d79989 |
||